| 000 | 00470nam a22001697a 4500 | ||
|---|---|---|---|
| 005 | 20260203153449.0 | ||
| 008 | 260203b |||||||| |||| 00| 0 eng d | ||
| 020 | _a978-93-89347-18-0 | ||
| 100 | _aWINSTON, WAYNE L. | ||
| 245 | _aMICROSOFT EXCEL 2019 DATA ANALYSIS AND BUSINESS MODELING | ||
| 250 | _a6TH ED | ||
| 260 |
_aDELHI _bPHI LEARNING _c2019 |
||
| 300 | _aXXVII | ||
| 500 | _aINCLUDES INDEX | ||
| 650 | _aMICROSOFT EXCEL 9COMPUTER FILE) | ||
| 942 |
_2lcc _cBK |
||
| 999 |
_c216523 _d216523 |
||